| 000 | 01106nam a2200313 a 4500 | ||
|---|---|---|---|
| 001 | 000112023 | ||
| 003 | CHAP | ||
| 005 | 20220329144242.0 | ||
| 008 | 151118s2015 mx a |sm |||||||spa d | ||
| 010 | _a108484 | ||
| 011 | _a109456 | ||
| 040 | _cCHAP | ||
| 090 | _aTesis | ||
| 100 | 1 |
_aMiguel Zárate, Norma _9130065 |
|
| 245 | 1 | 0 |
_aRetardadores de crecimiento en plántulas de jiomate (Solanum lycopersicum L.) _h[En línea] _cpor Norma Miguel Zárate. |
| 260 |
_aChapingo, Méx. : _bEl autor, _c2015. |
||
| 500 | _aPara ver el contenido del material haga clic en la liga | ||
| 502 | _aTesis (Ing. Agr. Esp. en Fitotecnia) -- UACH. Departamento de Fitotecnia | ||
| 590 |
_aE5652GLJ _b05 _c20151118 _lUCH01 _h1315 |
||
| 590 |
_aE5652GLJ _b05 _c20151118 _lUCH01 _h1316 |
||
| 590 |
_aE5652GLJ _b05 _c20151118 _lUCH01 _h1319 |
||
| 650 | 1 | 4 |
_aPlantas _xCrecimiento _xAditivos. _988804 |
| 650 | 1 | 4 |
_aPlántulas _xProducción. _9128654 |
| 650 | 1 | 4 |
_aTomate _xCrecimiento. _9113702 |
| 856 |
_aFinding aid _uhttp://10.13.5.2/tesis/sist112023.pdf _zTeclea aquí |
||
| 901 | _aBK | ||
| 942 | _cTESIS | ||
| 942 | _n0 | ||
| 999 |
_c108484 _d108484 |
||